| 000 | 00625nam a2200205 u 4500 | ||
|---|---|---|---|
| 001 | 63198 | ||
| 005 | 20180714065526.0 | ||
| 008 | 150709s1989 mx r 000 0 spa d | ||
| 020 | _a968-23-1447-X | ||
| 082 |
_a341.1 _bORT |
||
| 100 | 1 |
_aOrtega, Daniel, _d1945- |
|
| 245 | 1 | 0 |
_aCombatiendo por la paz / _cPrólogo de Carlos Fuentes. |
| 250 | _aPrimera edición | ||
| 264 |
_aMéxico : _bSiglo Veintiuno _c1988 |
||
| 300 |
_aSiglo veintiuno : _b281 páginas ; _c23 cm. |
||
| 336 |
_atexto _2rdacontent |
||
| 337 |
_asin mediaición _2rdamedia |
||
| 338 |
_avolumen _2rdacarrier |
||
| 490 | 1 | _ahistoria media | |
| 999 |
_c63198 _d63198 |
||